|
|
|
|
| LEADER |
01157nab a2200313 i 4500 |
| 001 |
publ22122 |
| 005 |
20210823110303.0 |
| 008 |
210819s2021 hu o 0|| zxx d |
| 022 |
|
|
|a 1878-5190
|
| 024 |
7 |
|
|a 10.1007/s11144-021-02007-7
|2 doi
|
| 024 |
7 |
|
|a 32107428
|2 mtmt
|
| 040 |
|
|
|a SZTE Publicatio Repozitórium
|b hun
|
| 041 |
|
|
|a zxx
|
| 100 |
1 |
|
|a Bali Henrik
|
| 245 |
1 |
0 |
|a Role of active metals Cu, Co, and Ni on ceria towards CO2 thermo-catalytic hydrogenation
|h [elektronikus dokumentum] /
|c Bali Henrik
|
| 260 |
|
|
|c 2021
|
| 300 |
|
|
|a 699-711
|
| 490 |
0 |
|
|a REACTION KINETICS MECHANISMS AND CATALYSIS
|v 133 No. 2
|
| 700 |
0 |
1 |
|a Mutyala Suresh
|e aut
|
| 700 |
0 |
1 |
|a Efremova Anastasiia
|e aut
|
| 700 |
0 |
1 |
|a Xie Shaohua
|e aut
|
| 700 |
0 |
1 |
|a Collier Samantha
|e aut
|
| 700 |
0 |
1 |
|a Ábel Marietta
|e aut
|
| 700 |
0 |
1 |
|a Sápi András
|e aut
|
| 700 |
0 |
1 |
|a Liu Fudong
|e aut
|
| 700 |
0 |
1 |
|a Kukovecz Ákos
|e aut
|
| 700 |
0 |
1 |
|a Kónya Zoltán
|e aut
|
| 856 |
4 |
0 |
|u http://publicatio.bibl.u-szeged.hu/22122/7/32107428_preprint.pdf
|z Dokumentum-elérés
|
| 856 |
4 |
0 |
|u http://publicatio.bibl.u-szeged.hu/22122/1/Bali2021_Article_RoleOfActiveMetalsCuCoAndNiOnC1.pdf
|z Dokumentum-elérés
|